King : (Record no. 109542)

MARC details
000 -LEADER
campo de control de longitud fija 02219cam a2200421Ka 4500
001 - NÚMERO DE CONTROL
campo de control 102303
005 - FECHA Y HORA DE LA ÚLTIMA TRANSACCIÓN
campo de control 20230411085930.0
008 - DATOS DE LONGITUD FIJA--INFORMACIÓN GENERAL
campo de control de longitud fija 100418s2000 nyua o 000 0beng d
035 ## - NÚMERO DE CONTROL DEL SISTEMA
Número de control de sistema (OCoLC)ocn607785289
040 ## - FUENTE DE CATALOGACIÓN
Centro catalogador/agencia de origen OCLCE
Lengua de catalogación eng
Centro/agencia transcriptor OCLCE
Centro/agencia modificador OCLCQ
020 ## - NÚMERO INTERNACIONAL ESTÁNDAR DEL LIBRO
ISBN cancelado o inválido 0670892165
020 ## - NÚMERO INTERNACIONAL ESTÁNDAR DEL LIBRO
ISBN cancelado o inválido 9780670892167
035 ## - NÚMERO DE CONTROL DEL SISTEMA
Número de control de sistema (OCoLC)607785289
043 ## - CÓDIGO DE ÁREA GEOGRÁFICA
Código de área geográfica n-us---
050 14 - SIGNATURA TOPOGRÁFICA DE LA BIBLIOTECA DEL CONGRESO
Número de clasificación E185.97.K5
Número de ítem J66k 2000
082 04 - NÚMERO DE LA CLASIFICACIÓN DECIMAL DEWEY
Número de clasificación 323/.092
Número de edición 21
049 ## - FONDOS LOCALES (OCLC)
Biblioteca depositaria GRAL
100 1# - ENTRADA PRINCIPAL--NOMBRE DE PERSONA
Nombre de persona Johnson, Charles,
Fechas asociadas al nombre 1948-
245 10 - MENCIÓN DEL TÍTULO
Título King :
Resto del título the photobiography of Martin Luther King, Jr. /
Mención de responsabilidad, etc. Charles Johnson & Bob Adelman ; photo editor & historian, Robert Phelan ; editor, Mary Beth Brewer ; designed by Will Hopkins & Mary K. Baumann.
260 ## - PUBLICACIÓN, DISTRIBUCIÓN, ETC.
Lugar de publicación, distribución, etc. New York :
Nombre del editor, distribuidor, etc. Viking Studio,
Fecha de publicación, distribución, etc. 2000.
300 ## - DESCRIPCIÓN FÍSICA
Extensión 1 online resource (288 p.) :
Otras características físicas ill.
500 ## - NOTA GENERAL
Nota general "A Bob Adelman book."
505 0# - NOTA DE CONTENIDO CON FORMATO
Nota de contenido con formato Early years -- Montgomery -- Prayer pilgrimage -- Harlem stabbing -- Life in Atlanta -- Freedom rides -- Albany -- Birmingham -- March on Washington -- Nobel prize -- Selma -- Get out the vote -- Journeys -- Mississippi -- Chicago -- Peace movement -- Memphis -- Atlanta.
520 ## - RESUMEN, ETC.
Sumario, etc. Early years--Montgomery--Prayer pilgrimage--Harlem stabbing--Life in Atlanta--Freedom rides Albany--Birmington--March on Washington--Noble prize--Selma--Get out the vote--Journeys--Mississippi--Chicago--Peace movement--Memphis--Atlanta.
588 ## - NOTA DE FUENTE DE LA DESCRIPCIÓN
Nota de fuente de la descripción Description based on print version record.
600 10 - PUNTO DE ACCESO ADICIONAL DE MATERIA--NOMBRE DE PERSONA
Nombre de persona King, Martin Luther,
Títulos y otros términos asociados al nombre Jr.,
Fechas asociadas al nombre 1929-1968
Subdivisión de forma Pictorial works.
650 #0 - PUNTO DE ACCESO ADICIONAL DE MATERIA--TÉRMINO DE MATERIA
Término de materia o nombre geográfico como elemento de entrada African Americans
Subdivisión de forma Biography
-- Pictorial works.
650 #0 - PUNTO DE ACCESO ADICIONAL DE MATERIA--TÉRMINO DE MATERIA
Término de materia o nombre geográfico como elemento de entrada Civil rights workers
Subdivisión geográfica United States
Subdivisión de forma Biography
-- Pictorial works.
650 #0 - PUNTO DE ACCESO ADICIONAL DE MATERIA--TÉRMINO DE MATERIA
Término de materia o nombre geográfico como elemento de entrada Baptists
Subdivisión geográfica United States
Subdivisión general Clergy
Subdivisión de forma Biography
-- Pictorial works.
650 #0 - PUNTO DE ACCESO ADICIONAL DE MATERIA--TÉRMINO DE MATERIA
Término de materia o nombre geográfico como elemento de entrada African Americans
Subdivisión general Civil rights
-- History
Subdivisión cronológica 20th century
Subdivisión de forma Pictorial works.
650 #0 - PUNTO DE ACCESO ADICIONAL DE MATERIA--TÉRMINO DE MATERIA
Término de materia o nombre geográfico como elemento de entrada Civil rights movements
Subdivisión geográfica United States
Subdivisión general History
Subdivisión cronológica 20th century
Subdivisión de forma Pictorial works.
700 1# - ENTRADA AGREGADA--NOMBRE PERSONAL
Nombre de persona Adelman, Bob.
776 08 - ENTRADA DE FORMULARIO FÍSICO ADICIONAL
Información de relación Print version:
Encabezamiento principal Johnson, Charles Richard, 1948-
Título King.
Lugar, editor y fecha de publicación New York : Viking Studio, 2000
Número de control del registro (DLC) 00033389
-- (OCoLC)44075952
856 40 - LOCALIZACIÓN Y ACCESO ELECTRÓNICOS
Materiales especificados Google
Identificador Uniforme de Recursos <a href="http://books.google.com/books?id=S7B3AAAAMAAJ">http://books.google.com/books?id=S7B3AAAAMAAJ</a>
942 ## - ELEMENTOS DE ENTRADA SECUNDARIOS (KOHA)
Fuente del sistema de clasificación o colocación Clasificación de Library of Congress
Tipo de ítem Koha
994 ## -
-- C0
-- DRFGD
946 ## - PROCESAMIENTO DE INFORMACIÓN LOCAL (OCLC)
a rg
Holdings
Estatus retirado Estado de pérdida Fuente del sistema de clasificación o colocación Estado de daño No para préstamo Colección Biblioteca de origen Biblioteca actual Ubicación en estantería Fecha de adquisición Signatura topográfica completa Código de barras Visto por última vez Copia número Tipo de ítem Koha
    Clasificación de Library of Congress     Automatización y Procesos Técnicos Biblioteca Juan Bosch Biblioteca Juan Bosch Automatización y Procesos Técnicos (1er. Piso) 11/04/2023 E185.97.K5 J66k 2000 00000096900 17/02/2019 1